Click the Tyler, The Creator Song Title Ending - Statistics

General Stats
  • This quiz has been taken 1,600 times
  • The average score is 21 of 25
Answer Stats
Hint Answer % Correct
See You Again
97%
Are We Still Friends
97%
I Don't Love You Anymore
92%
New Magic Wand
92%
Cherry Bomb
91%
Who Dat Boy
91%
Sorry Not Sorry
91%
Sweet / I Thought You Wanted To Dance
89%
A Boy Is a Gun
89%
Sir Baudelaire
88%
Where This Flower Blooms
87%
911 / Mr. Lonely
87%
Hot Wind Blows
86%
Potato Salad
86%
I Ain't Got Time
86%
Best Interest
85%
Steak Sauce
84%
Peach Fuzz
83%
Droppin' Seeds
80%
Heaven To Me
79%
Find Your Wings
78%
F*cking Young / Perfect
77%
Garden Shed
77%
Wharf Talk
76%
Blow My Load
75%
No matching quizzes found
Score Distribution
Percent of People with Each Score
Percentile by Number Answered
Your Score History
You have not taken this quiz